00340nam a2200133Ia 4500008004100000041000800041082001500049100001400064245003300078250001400111260004200125300003200167365000700199240624s9999 xx 000 0 und d aeng a344.01 KUM aKUMAR H L aLABOUR PROBLEMS AND REMEDIES a(7th ed.) c2004aDelhibUniversal Law Publishing aliii, : 388 : p. : cm. ; 21 cRS